1616 1689 1632 1800 1820 1508 1906 1896 1825 1169 1922 1824 1292 1980 1368 1697 1563 1368 1453 1695 1540 1738 1742 1529 1801 1926 1023 1699 1771 1138 1352 1123 1221 1109 1659 1948 1006 1644 1319 1314 1872 1844 1990 1210 1220 1899 1184 1488 1513 1080 1401 1370 1713 1155 1187 1152 1709 1955 1538 1459 1514 1331 1380 1104 1416 1065 1212 1224 1450 1957 1849 1697 1105 1256 1815 1402 1073 1027 1552 1347 1316 1785 1849 1453 1388 1936 1518 1795 1282 1267 1767 1426 1402 1293 1585 1923 1052 1429 1715 BCNSPRNW ULIB Ver.6.0+V

เปลี่ยนเป็นภาษาไทย

Change to English
 แสดงรายละเอียดบรรณานุกรม
  กลับหน้าหลัก

Brief Record : Get Marc (ISO 2709) : E-mail record : QR code < ปิดหน้าต่าง
LEADER : 00000nam 2200000uu 4500
001    13399121770
003     ULIB
008    121206s2552||||th 000 0 tha d
020    ^a9786165290111
060 04 ^aWS105.5.F2^bม964ม
100 1  ^aนิโคลส์, ไมเคิล พี.
245 10 ^aเมื่อลูกเป็นเด็กจอมเถียง /^cไมเคิล พี. นิโคลส์ เขียน ;ชิดชนก ทองใหญ่ ณ อยุธยา แปลและเรียบเรียง
250    ^aพิมพ์ครั้งที่ 1
260    ^aกรุงเทพฯ :^bอมรินทร์สุขภาพ,^c2552
300    ^a265 หน้า
650  7 ^aเด็ก^xการเลี้ยงดู
650  7 ^aบิดามารดาและบุตร
650  7 ^aการสื่อสารในครอบครัว
650  7 ^aการฟัง
710 20 ^aชิดชนก ทองใหญ่ ณ อยุธยา,^eผู้แปล
945    ^p215^l0^i17705
995    ^aทศพร
999    ^aทศพร เกษรทอง
รายการนี้ยังไม่มีแท็ก
คุณยังไม่ได้ล็อกอิน คุณสามารถมีกิจกรรมร่วมกับเว็บไซต์ได้ แต่ต้องล็อกอินก่อน ::
  ล็อกอิน

รายการสื่อสารสนเทศ

ลำดับที่ ประเภท เลขเรียก/บาร์โค้ด สถานที่ สถานะ
- ไม่พบข้อมูล -

รายการใกล้เคียง
    ผู้แต่ง [นิโคลส์, ไมเคิล พี.]

    หัวเรื่อง [บิดามารดาและบุตร]
    หัวเรื่อง [การสื่อสารในครอบครัว]
    หัวเรื่อง [การฟัง]

BibComment


ยังไม่เคยถูกคอมเมนท์

คอมเมนท์ทรัพยากรรายการนี้
  คอมเมนท์: เมื่อลูกเป็นเด็ก..


 Copyright 2026. Bcnsprnw @Library